Tornaviaje (Record no. 8163)

MARC details
000 -CABECERA
campo de control de longitud fija 00832nam a2200217 a 4500
001 - NÚMERO DE CONTROL
campo de control BRCA_8496
005 - FECHA Y HORA DE LA ÚLTIMA TRANSACCIÓN
campo de control 20190320210316.0
008 - DATOS DE LONGITUD FIJA--INFORMACIÓN GENERAL
campo de control de longitud fija 040516s2016----mx-ab#####---#000-0#spa-#
020 ## - NÚMERO INTERNACIONAL ESTÁNDAR DEL LIBRO
Número Internacional Estándar del Libro 9786079390044
041 ## - CÓDIGO DE LENGUA
Código de lengua del texto/banda sonora o título independiente spa
044 ## - CÓDIGO DEL PAÍS DE LA ENTIDAD EDITORA/PRODUCTORA
Código MARC del país mx
050 #4 - SIGNATURA TOPOGRÁFICA DE LA BIBLIOTECA DEL CONGRESO
Número de clasificación HE859
Número de documento/Ítem .T67 2016
245 10 - MENCIÓN DE TÍTULO
Título Tornaviaje
Resto del título la Nao de China y el barroco en México, 1565-1815
Mención de responsabilidad, etc. textos Marina Alfonso Mola ... [et al.].
260 ## - PUBLICACIÓN, DISTRIBUCIÓN, ETC.
Lugar de publicación, distribución, etc. México
Nombre del editor, distribuidor, etc. Gobierno del Estado de Puebla : Consejo Estatal para la Cultura y las Artes de Puebla
Fecha de publicación, distribución, etc. 2016
300 ## - DESCRIPCIÓN FÍSICA
Extensión 347 p.
Otras características físicas il. a color, mapas
Dimensiones 31 cm.
500 ## - NOTA GENERAL
Nota general En portada : Exposición temporal Museo Internacional del Barroco (Puebla, México). Museo Franz Mayer (Ciudad de México), 2016
650 14 - PUNTO DE ACCESO ADICIONAL DE MATERIA--TÉRMINO DE MATERIA
Término de materia o nombre geográfico como elemento de entrada Galeón de Manila
9 (RLIN) 1637
650 14 - PUNTO DE ACCESO ADICIONAL DE MATERIA--TÉRMINO DE MATERIA
Término de materia o nombre geográfico como elemento de entrada Galeones
9 (RLIN) 21294
700 1# - PUNTO DE ACCESO ADICIONAL--NOMBRE DE PERSONA
Nombre de persona Alfonso Mola, Marina
9 (RLIN) 21295
942 ## - ELEMENTOS DE PUNTO DE ACCESO ADICIONAL (KOHA)
Fuente del sistema de clasificación o colocación Library of Congress Classification
Tipo de ítem Koha Libros
Holdings
Estado de retiro Estado de pérdida Estado dañado No para préstamo Localización permanente Ubicación/localización actual Fecha de adquisición Total de préstamos Signatura topográfica completa Código de barras Fecha visto por última vez Precio válido a partir de Tipo de ítem Koha
El ejemplar forma parte de la colección y puede ser consultado según las políticas vigentes.       Biblioteca del Museo Franz Mayer (Rogerio Casas-Alatriste) Biblioteca del Museo Franz Mayer (Rogerio Casas-Alatriste) 04/05/2016   HE859 .T67 2016 02923 22/03/2019 22/03/2019 Libros